Loading...
| Literature - American | 0 | 7 | 0 | 1 | 70 | 47 | 83.43 | 0 | 3 | 17.84 | 36.62 |
| History - World | 0 | 6 | 0 | 1 | 60 | 25 | 66.67 | 2 | 4 | 20.84 | 36.62 |
| Literature - World | 0 | 6 | 1 | 0 | 55 | 67 | 88.00 | 0 | 3 | 13.10 | 25.51 |
| Literature - European | 0 | 6 | 1 | 0 | 55 | 50 | 74.33 | 0 | 4 | 18.72 | 37.25 |
| Science - Physics | 0 | 5 | 1 | 0 | 45 | 42 | 67.60 | 1 | 1 | 16.12 | 23.36 |
| History - Other | 0 | 5 | 1 | 0 | 45 | 49 | 70.00 | 1 | 3 | 16.08 | 29.80 |
| Mythology | 0 | 5 | 2 | 0 | 40 | 40 | 68.00 | 0 | 3 | 19.18 | 29.80 |
| Fine Arts - Painting and Sculpture | 0 | 4 | 1 | 0 | 35 | 95 | 107.00 | 0 | 0 | 3.17 | 10.86 |
| Philosophy | 0 | 3 | 0 | 0 | 30 | 42 | 67.00 | 0 | 1 | 11.88 | 18.06 |
| Fine Arts - Other | 0 | 4 | 2 | 0 | 30 | 21 | 63.25 | 0 | 2 | 16.95 | 18.18 |
| Literature - British | 0 | 4 | 2 | 0 | 30 | 61 | 76.00 | 0 | 1 | 12.47 | 18.94 |
| Social Science | 0 | 3 | 1 | 0 | 25 | 28 | 56.00 | 0 | 2 | 20.38 | 29.37 |
| Religion | 0 | 3 | 1 | 1 | 25 | 61 | 75.67 | 0 | 2 | 8.34 | 18.69 |
| Fine Arts - Classical Music | 0 | 2 | 0 | 1 | 20 | 80 | 103.00 | 0 | 1 | 2.44 | 9.22 |
| History - European | 0 | 2 | 2 | 0 | 10 | 73 | 73.00 | 0 | 1 | 5.93 | 7.95 |
| History - American | 0 | 3 | 5 | 0 | 5 | 29 | 52.33 | 1 | 3 | 14.36 | 16.04 |
| Geography | 0 | 1 | 1 | 0 | 5 | 84 | 84.00 | 0 | 0 | 4.28 | 4.17 |
| Science - Other | 0 | 1 | 1 | 0 | 5 | 83 | 83.00 | 0 | 1 | 2.29 | 6.82 |
| Science - Chemistry | 0 | 1 | 2 | 0 | 0 | 115 | 115.00 | 0 | 0 | 1.11 | 5.68 |
| Popular Culture | 0 | 0 | 0 | 0 | 0 | 0.00 | 0 | 0 | 0.00 | 0.00 | |
| Science - Biology | 0 | 1 | 2 | 0 | 0 | 70 | 70.00 | 0 | 0 | 3.51 | 3.41 |
| Current Events | 0 | 0 | 1 | 0 | -5 | 0.00 | 0 | 0 | 0.00 | 0.00 |